Cultura e stile nei poeti giocosi del tempo di dante /

Guardado en:
Autor Principal: Marti, Mario
Formato: Libro
Publicado: Pisa : Nistri-lischi, 1953
Materias:
Etiquetas: Agregar Etiqueta
Sin Etiquetas, Sea el primero en etiquetar este registro!
LEADER 00480nam a22001575a 4500
001 EHU.bham006552
003 AR-BHAM
005 20090622152745.0
008 130507s1953##################000#0#####d
082 8 5 |a 851.1 
100 1 |a Marti, Mario 
245 1 0 |a Cultura e stile nei poeti giocosi del tempo di dante /  |c Mario Marti. 
260 |a Pisa :  |b Nistri-lischi,  |c 1953 
300 |a 223 p. 
653 |a Poesia italiana- -1375 
859 |a AR-BHAM  |b BIB. HUMANIDADES - General  |h 851.1  |i M362  |p 239.62  |t Ej.1